68'li Yıllar (Record no. 1465)

MARC details
000 -BAŞLIK
Sabit Uzunlukta Kontrol Alanı 00598na a2200217 4500
001 - KONTROL NUMARASI
Denetim Alanı 15632
003 - KONTROL NUMARASI IDENTIFIER
Denetim Alanı MIRAKIL
005 - SON İŞLEM TARİHİ VE ZAMANI
Denetim Alanı 20181213154823.0
008 - SABİT-BOY VERİ ELEMANLARI - GENEL BİLGİLER
Sabit Uzunlukta Kontrol Alanı 170623b tu 000 0
020 ## - ULUSLARARASI STANDART KİTAP NUMARASI
Uluslararası Standart Kitap Numarası 9755332480
040 ## - KATALOGLAMA KAYNAK
Orijinal Kataloglama Ajansı Milas
Kataloglama Dili tur
Metne Dönüştürmek Ajansı TR-AnCHP
082 ## - DEWEY ONLU SINIFLANDIRMA NUMARASI
Sınıflandırma Numarası 320.9561
Ürün Numarası B29a 1998
090 ## - SINIFLAMA NUMARASI
Sınıflama Numarası 320.9561 B29a 1998
100 ## - ANA GİRİŞ - KİŞİSEL İSİM
Kişisel Ad Baykam, Bedri
Bir Adıyla İlişkilendirilen Tarihler 1957 -
245 ## - BAŞLIK TABLOSU
Başlık 68'li Yıllar
Başlığın Kalan Eylemciler
Sorumluluk Tablosu, Vb Bedri Baykam
246 ## - UNVAN FORM VARYING
Başlık Doğru / Kısa Başlığı Eylemciler
260 ## - YAYIN, DAĞITIM, VB
Yayın, Dağıtım, Vb Yeri Ankara
Yayıncı, Dağıtıcı, Vs Adı İmge Kitabevi
Yayın, Dağıtım, Vb Tarihi 1998
300 ## - FİZİKSEL TANIM
Kapsam 620 s.
Boyutlar 20 sm.
650 ## - KONU KATMA GİRİŞ - TOPİKAL DÖNEM
Topikal Süreli Veya Coğrafi Ad Giriş Elemanı Siyasal tarih
Genel Alt Bölümü 68 Kuşağı
Kronolojik Alt Bölümü Röportajlar
Coğrafi Alt Bölümü Türkiye
942 ## - EKLENDİ GİRİŞ ELEMANLARI (KOHA)
Sınıflandırma Veya Raf Düzeni Kaynak
Koha Öğesi Türü Books
999 ## - SİSTEM KONTROL NUMARALARI (KOHA)
Koha Biblionumber 1465
Koha Biblioitemnumber 1465
Holdings
Kalıcı Konum Mevcut Konum Edinme Tarihi Edinim Kaynak Toplam Check-Out'Lar Tam Çağrı Numarası Barkod Tarih Son Görülme İtibaren Geçerli Fiyatlar Koha Öğesi Türü
CHP Kütüphanesi CHP Kütüphanesi 09/19/2016 Bağış   320.9561 B29a 1998 005570 09/19/2016 09/19/2016 Books